Genetické algoritmy a skupinová inteligencia

Saved in:
Bibliographic Details
Main Author: Knežo, Jakub (Author)
Other Authors: Hudec, Ján (Thesis advisor)
Format: Manuscript Book
Language:Slovak
Published: 2020
Subjects:
Online Access:http://is.stuba.sk/zp/portal_zp.pl?podrobnosti=134843
Tags: Add Tag
No Tags, Be the first to tag this record!

MARC

LEADER 00000ntm a22000003a 4500
001 stuzp80563
003 SK-STU
005 20200620211812.3
007 ta
008 150427s2015----xo-----f-mn---000-0-slo-d
040 |a STU  |b slo 
041 0 |a slo 
100 1 |a Knežo, Jakub  |u 070400  |4 aut  |U FIIT Fakulta informatiky a informačných technológií  |T FIIT Ústav počítačového inžinierstva a aplikovanej informatiky  |X 85895  |U I400  |Y 672  |7 85895 
242 0 1 |a Genetic algorithms and swarm intelligence  |y eng 
245 1 0 |a Genetické algoritmy a skupinová inteligencia 
260 |c 2020 
650 4 |a Genetické algoritmy  |2 slo 
650 4 |a Skupinová inteligencia  |2 slo 
650 4 |a Vizualizácia  |2 slo 
650 4 |a Visualization  |2 eng 
650 4 |a Genetic algorithms  |2 eng 
650 4 |a Swarm intelligence  |2 eng 
700 1 |a Hudec, Ján  |u 070400  |k Z1  |4 ths  |U FIIT Fakulta informatiky a informačných technológií  |T FIIT Ústav počítačového inžinierstva a aplikovanej informatiky  |X 1995  |U I400  |Y 672  |7 A000001995 
856 4 |u http://is.stuba.sk/zp/portal_zp.pl?podrobnosti=134843